Modern South Asia : (Record no. 79878)
[ view plain ]
| 000 -LEADER | |
|---|---|
| fixed length control field | 01076nam a2200277 a 4500 |
| 001 - CONTROL NUMBER | |
| control field | 79878 |
| 003 - CONTROL NUMBER IDENTIFIER | |
| rucl marc code | BD-RjUL |
| 005 - DATE AND TIME OF LATEST TRANSACTION | |
| control field | 20220530122042.0 |
| 008 - FIXED-LENGTH DATA ELEMENTS--GENERAL INFORMATION | |
| fixed length control field | 220530r20181998ii ab b 001 0 eng |
| 020 ## - INTERNATIONAL STANDARD BOOK NUMBER | |
| International Standard Book Number | 9780815350347 |
| Qualifying information | paperback |
| Canceled/invalid ISBN | 9781315106076 |
| Qualifying information | ebook |
| 035 ## - SYSTEM CONTROL NUMBER | |
| System control number | (BD-RjUL)79878 |
| 040 ## - CATALOGING SOURCE | |
| Original cataloging agency | DLC |
| Language of cataloging | eng |
| Description conventions | rda |
| Transcribing agency | DLC |
| Modifying agency | DLC |
| -- | BD-RjUL |
| -- | UkOxU |
| 041 ## - LANGUAGE CODE | |
| Language code of text/sound track or separate title | eng |
| 082 00 - DEWEY DECIMAL CLASSIFICATION NUMBER | |
| Edition number | 23 |
| Classification number | 954 |
| Author mark and year | BOM 2018 |
| 100 1# - MAIN ENTRY--PERSONAL NAME | |
| Personal name | Bose, Sugata, |
| Dates associated with a name | 1956- |
| Relator term | author. |
| 9 (RLIN) | 3286 |
| 245 10 - TITLE STATEMENT | |
| Title | Modern South Asia : |
| Remainder of title | history, culture, political economy / |
| Statement of responsibility, etc. | Sugata Bose and Ayesha Jalal. |
| 250 ## - EDITION STATEMENT | |
| Edition statement | Fourth edition (special indian ed.) |
| 260 ## - PUBLICATION, DISTRIBUTION, ETC. (IMPRINT) | |
| Place of publication, distribution, etc. | Abingdon; |
| -- | New Delhi : |
| Name of publisher, distributor, etc. | Routledge, |
| Date of publication, distribution, etc. | 2018. |
| 300 ## - PHYSICAL DESCRIPTION | |
| Pagination | xx, 278 pages : |
| Illustrations | illustrations; |
| Size | 25 cm. |
| 504 ## - BIBLIOGRAPHY, ETC. NOTE | |
| Bibliography, etc | Includes bibliographical references (pages 236-269) and index. |
| 520 2# - SUMMARY, ETC. | |
| Summary, etc. | "Provides challenging insights into the history, culture, politics and economics of South Asia over the past three centuries"--Provided by publisher. |
| 651 #0 - SUBJECT ADDED ENTRY--GEOGRAPHIC NAME | |
| Geographic name | South Asia |
| General subdivision | History. |
| 9 (RLIN) | 3287 |
| 700 1# - ADDED ENTRY--PERSONAL NAME | |
| Personal name | Jalal, Ayesha, |
| Relator term | author. |
| 942 ## - ADDED ENTRY ELEMENTS (KOHA) | |
| Source of classification or shelving scheme | Dewey Decimal Classification |
| Koha item type | Books |
| Lost status | Source of classification or shelving scheme | Damaged status | Not for loan | Collection code | Permanent Location | Current Location | Shelving location | Date acquired | Source of acquisition | Cost, normal purchase price | Total Checkouts | Full call number | Date last seen | Copy number | Koha item type |
|---|---|---|---|---|---|---|---|---|---|---|---|---|---|---|---|
| Dewey Decimal Classification | Not For Loan | Non-fiction | Central Library, University of Rajshahi | Central Library, University of Rajshahi | Reading Room | 10/05/2022 | Dhaka : Book Finder | 749.02 | 954 BOM 2018 | 30/05/2022 | C-1 | Books | |||
| Dewey Decimal Classification | Non-fiction | Central Library, University of Rajshahi | Central Library, University of Rajshahi | General Stacks | 10/05/2022 | Dhaka : Book Finder | 749.02 | 954 BOM 2018 | 30/05/2022 | C-2 | Books | ||||
| Dewey Decimal Classification | Non-fiction | Central Library, University of Rajshahi | Central Library, University of Rajshahi | General Stacks | 10/05/2022 | Dhaka : Book Finder | 749.02 | 954 BOM 2018 | 30/05/2022 | C-3 | Books |